000 00428nam a2200157Ia 4500
008 231217s9999 xx 000 0 und d
041 _aEnglish
082 _a621.8 GHO
100 _aGhosh, Amitabha. Mallik, Asok Kumar.
245 0 _aTheory of mechanisms and machines
250 _a2nd ed.
260 _c1976
_bNew Delhi : Affiliated East-West Press,,
300 _avi+586
650 _aTheory of machines
942 _cAA
999 _c163622
_d163622